Normal view MARC view
  • Bligh D.A

Entry Personal Name

Number of records used in: 1

001 - CONTROL NUMBER

  • control field: 194037

003 - CONTROL NUMBER IDENTIFIER

  • control field: OSt

005 - DATE AND TIME OF LATEST TRANSACTION

  • control field: 20230714214316.0

008 - FIXED-LENGTH DATA ELEMENTS

  • fixed length control field: 230714|| aca||aabn | a|a d

040 ## - CATALOGING SOURCE

  • Original cataloging agency: OSt
  • Transcribing agency: OSt

100 ## - HEADING--PERSONAL NAME

  • Personal name: Bligh D.A

670 ## - SOURCE DATA FOUND

  • Source citation: Work cat.: (OSt)207218: Bligh D.A., What's The Use Of Lectures, 2000